Statistics for Which country is bigger?

Click here to take the quiz!

General Stats

  • This quiz has been taken 46 times
  • The average score is 10 of 15

Answer Stats

QuestionAnswer% Correct
what country is bigger?poland
90%
what country is bigger?united states
88%
what country is bigger?russia
83%
what country is bigger?russia
81%
what country is bigger?canada
76%
what country is bigger?iceland
76%
what country is bigger?united states
76%
what country is biggercanada
71%
which country is bigger?indonesia
71%
what country is bigger?germany
62%
(TRICK QUESTION) what country is bigger?canada
52%
what country is bigger?maldives
43%
(TRICK QUESTION) what country is the SMALLEST?vatican
40%
what country is bigger?niger
29%
(TRICK QUESTION) what country is bigger then russia?south america
10%

Score Distribution

Percentile by Number Answered

Percent of People with Each Score

Your Score History

You have not taken this quiz